La vie des Templiers /
Main Author:
Format: Book
Language: French
Published:
[Paris] :
Gallimard,
[1951].
Edition: 7. éd.
Series:
Suite des temps ;
24.
Subjects:
Tags: Add Tag
Call Number: CR4743 .M45 1951
| LEADER | 00710nam a2200265u 4500 | ||
|---|---|---|---|
| 001 | 751 | ||
| 003 | OSt | ||
| 005 | 20251113124629.0 | ||
| 008 | 130303s1951 fr b 000 0 fre d | ||
| 010 | |a 51029183 | ||
| 035 | |a rdb05141487 | ||
| 040 | |c ARCE Library | ||
| 050 | 4 | |a CR4743 .M45 1951 | |
| 100 | 1 | |a Melville, Marion, |d 1903-, |e author | |
| 245 | 1 | 3 | |a La vie des Templiers / |c Marion Melville. |
| 250 | |a 7. éd. | ||
| 264 | 1 | |a [Paris] : |b Gallimard, |c [1951]. | |
| 300 | |a 302 pages ; |c 23 cm. | ||
| 490 | 1 | |a La Suite des temps ; |v 24. | |
| 504 | |a Bibliography : pages [293]-295. | ||
| 610 | 2 | 0 | |a Templars. |9 23812 |
| 830 | 0 | |a Suite des temps ; |v 24. | |
| 901 | |a reviewed | ||
| 942 | |c BK |2 lcc | ||
| 999 | |c 2931 |d 2931 | ||
